Hablando___ nos entendemos los dos /

Uloženo v:
Podrobná bibliografie
Hlavní autor: Manolson, Ayala (autor)
Další autoři: Monfort Juárez, Isabelle (autor) (autor)
Médium: Kniha
Jazyk:španělština
Vydáno: Toronto, Canadá : The Hanen Centre, 1995, c1995
Témata:
Tagy: Přidat tag
Žádné tagy, Buďte první, kdo vytvoří štítek k tomuto záznamu!

MARC

LEADER 00000nam^a2200000^a^4500
001 000180019
005 20250521000000.0
009 20260310101845.376
020 |a 0-921145-08-x 
037 |a Acervo ITESO - Biblioteca 
041 |a ESP 
082 |a 155. 4  |b MAN 
100 |a Manolson, Ayala  |e (autor) 
245 1 0 |a Hablando___ nos entendemos los dos /  |c A. Manolson ; tr. por Luis Eduardo Arango, Marila Belcher y Alma Rosa Tovar. 
264 4 |a Toronto, Canadá :  |b The Hanen Centre,  |c 1995, c1995 
300 |a 151 p. 
336 |a texto  |b txt  |2 rdacontenido 
337 |a sin mediación  |b n  |2 rdamedio 
338 |a volumen  |b nc  |2 rdasoporte 
500 |a Traducción de: It Takes Two to Talk 
649 |a XX 
650 |a Comunicación Personal 
650 |a Competencia Comunicativa 
650 |a Desarrollo Cognoscitivo 
650 |a Relaciones Padres-Hijos 
650 |a Psicología Educativa 
650 |a Psicología Evolutiva 
650 |a Psicología 
700 |a Monfort Juárez, Isabelle  |e (autor) 
910 |a Fondo General 
920 |a Impresos - Libros 
930 |a Colección General 
905 |a 101 
901 |a 0500119381  |b IT1  |c ACC  |u 20250521 
902 |a https://opac.biblio.iteso.mx/vufind/Record/000180019